Λεξικό εικαστικών τεχνών

Αποθηκεύτηκε σε:
Λεπτομέρειες βιβλιογραφικής εγγραφής
Άλλοι συγγραφείς: Read, Herbert, 1893-1968, Παππάς, Ανδρέας, 1950- (Μεταφραστής)
Μορφή: Βιβλίο
Γλώσσα:Greek
English
Δημοσίευση: Αθήνα : Υποδομή, c1986.
Θέματα:
Ετικέτες: Προσθήκη ετικέτας
Δεν υπάρχουν, Καταχωρήστε ετικέτα πρώτοι!

MARC

LEADER 00000cam a2200000 i 4500
001 1/41671
008 960726s1986 gr | ||| |||| ||gre||
020 |a 9607183290 
035 |a 1987  |c Αγορά  |l 10071031 
040 |a GR-MyUA  |b gre  |e AACR2 
041 1 |a gre  |h eng 
082 7 |a 703   |2 (21) 
245 1 0 |a Λεξικό εικαστικών τεχνών /   |c Χέρμπερτ Ρηντ ... [κ.ά.] ; μετάφραση Ανδρέας Παππάς.  
260 |a Αθήνα :   |b Υποδομή,   |c c1986.  
300 |a 379 σ. :   |b εικ. ;   |c 22 εκ.  
500 |a Βασισμένο στην αναθεωρημένη κάτω από τη γενική εποπτεία του Νίκου Στάγκου αγγλική έκδοση του 1985 
500 |a Τίτλος πρωτοτύπου: The Thames and Hudson dictionary of art and artists.  
650 0 |a Art  |x Dictionaries. 
650 0 |a Artists  |x Dictionaries. 
700 1 |a Read, Herbert,   |d 1893-1968. 
700 1 |a Παππάς, Ανδρέας,   |d 1950-  |e trl 
852 |a INST  |b LESVOS  |e 19960726  |h 703 REA  |p 005100009374  |q 005100009374  |t REF  |y 23 
852 |a INST  |b RHODES  |e 19960729  |h 703 REA  |p 005400008741  |q 005400008741  |t REF  |y 23 
852 |a INST  |b RHODES  |e 19960729  |h 703 REA  |p 005400008742  |q 005400008742  |t REF  |y 23 
852 |a INST  |b RHODES  |e 19960729  |h 703 REA  |p 005400008743  |q 005400008743  |t REF  |y 23 
852 |a INST  |b RHODES  |e 19960729  |h 703 REA  |p 005400008744  |q 005400008744  |t REF  |y 23 
852 |a INST  |b RHODES  |e 19960729  |h 703 REA  |p 005400008745  |q 005400008745  |t REF  |y 23 
852 |a INST  |b SYROS  |e 20031007  |h 703 ΛΕΞ  |p 005500003206  |q 005500003206  |t REF  |y 23 
901 |a BIBL5-2003-3 
922 |a 5ΕΛΗ  |b 200309  |c Βιβλιοθήκη Σύρου  |d Παπασωτηρίου 
950 |a 188-2003-09-08 
970 |a ΚΑΓΙΑΒΑ  |b ΕΙΡΗΝΗ  |z 2003/10/10